000 00317nam a2200133Ia 4500
008 151001s9999||||xx |||||||||||||| ||und||
100 _aहिरच फील
245 _aअंडरवाँटर
250 _a1
260 _bपुण्य
260 _c2000
300 _a216
365 _b21
999 _c978139
_d978136